000
00319nam a2200109Ia 4500
008
200302s9999 xx 000 0 und d
100
_a
Edward Allen and Patrick Rand
245
_a
Architectural Detailing Function Constructibility Aesthetics 2nd ed
260
_b
John- Wiley & Sons, Inc.,
260
_c
2007
300
_a
321
999
_c
3741
_d
3741